50 biggest Cities on Islands Countries on a Map - Statistics

General Stats
  • This quiz has been taken 2,399 times
    2,334 since last reset
  • The average score is 31 of 50
Answers on the Map
Answers color-coded by a green-red scale on the quiz's map according to % correct below.
 
Answer Stats
Pop. Answer % Correct
2.22 mil Havana
99%
14.6 mil London
99%
1.37 mil Dublin
98%
39.9 mil Tokyo
98%
30.0 mil Jakarta
97%
3.02 mil Manchester
97%
17.7 mil Manila
96%
1.66 mil Glasgow
95%
17.7 mil Osaka
95%
3.10 mil Birmingham
94%
1.86 mil Liverpool
94%
3.05 mil Port-au-Prince
94%
9.10 mil Taipei
94%
1.55 mil Auckland
90%
3.75 mil Colombo
90%
3.82 mil Santo Domingo
90%
7.75 mil Singapore
89%
2.15 mil Leeds
88%
2.37 mil Antananarivo
84%
1.47 mil Newcastle
82%
2.50 mil Sapporo
78%
1.47 mil Manama
76%
10.5 mil Nagoya
76%
1.89 mil Hiroshima
74%
1.55 mil Sheffield
73%
1.37 mil Nottingham
65%
3.87 mil Surabaya
62%
6.51 mil Bandung
58%
1.67 mil Denpasar
57%
2.70 mil Fukuoka
55%
2.60 mil Cebu
54%
3.52 mil Medan
47%
1.51 mil Davao
41%
1.51 mil Sendai
36%
2.80 mil Kaohsiung
35%
1.21 mil Naha
33%
1.88 mil Makassar
31%
1.32 mil Yogyakarta
29%
2.40 mil Taichung
28%
1.41 mil Angeles
25%
1.75 mil Palembang
25%
1.30 mil Tainan
22%
2.20 mil Okayama
21%
2.10 mil Semarang
20%
2.05 mil Kitakyushu
19%
1.33 mil Batam
16%
1.32 mil Hamamatsu
14%
1.25 mil Surakarta
13%
1.46 mil Malang
11%
1.31 mil Pekanbaru
11%
No matching quizzes found
Score Distribution
Percent of People with Each Score
Percentile by Number Answered
Your Score History
You have not taken this quiz since the last reset